000 00717cam a22002293a 4500
001 18534
003 PGUSA
005 20140828083408.0
008 060608s2006||||xxu|||||s|||||000 | eng d
040 _aPGUSA
_beng
042 _adc
050 4 _aQC
100 1 _aBirt, William Radcliff,
_d1804-1881
245 1 4 _aThe Hurricane Guide :
_bBeing An Attempt To Connect The Rotary Gale Or Revolving Storm With Atmospheric Waves.
_h[electronic resource] /
_cWilliam Radcliff Birt
260 _bProject Gutenberg,
_c2006
506 _aPublic domain in the USA.
516 _aElectronic text
653 _aStorms
830 0 _aProject Gutenberg
_v18534
856 4 0 _uhttp://www.gutenberg.org/ebooks/18534
942 _cEB
999 _c247789
_d247789